NFL Draft 2025 Quarterbacks Drafted - Statistics

General Stats
  • This quiz has been taken 153 times
  • The average score is 9 of 13
Answer Stats
Round Player Team College % Correct
1 Cam Ward Titans Miami (FL)
100%
1 Jaxson Dart Giants Mississippi
99%
5 Shedeur Sanders Browns Colorado
97%
3 Dillon Gabriel Browns Oregon
96%
2 Tyler Shough Saints Louisville
94%
3 Jalen Milroe Seahawks Alabama
86%
6 Will Howard Steelers Ohio State
80%
7 Quinn Ewers Dolphins Texas
77%
6 Riley Leonard Colts Notre Dame
63%
6 Kyle McCord Eagles Syracuse
53%
7 Kurtis Rourke 49ers Indiana
40%
6 Graham Mertz Texans Florida
37%
6 Cam Miller Raiders North Dakota State
21%
No matching quizzes found
Score Distribution
Percent of People with Each Score
Percentile by Number Answered
Your Score History
You have not taken this quiz